00000000nam 2200000zi 4500
0019.894729
003CaOODSP
00520221107173826
006m     o  d f      
007cr |n|||||||||
008201216q1986    onca    ob   f000 0 eng d
040 |aCaOODSP|beng|erda|cCaOODSP
086 |aEn13-5/86-25E-PDF
1001 |aSwayne, D. A., |eauthor.
24510|aDevelopment of an expert system/intelligent interface for acid rain analysis / |cD.A. Swayne, A.S. Fraser.
264 1|a[Burlington, Ont.] : |b[National Water Research Institute], |c[1986]
300 |a1 online resource (10 pages) : |billustrations.
336 |atext|btxt|2rdacontent
337 |acomputer|bc|2rdamedia
338 |aonline resource|bcr|2rdacarrier
4901 |a[NWRI contribution] ; |v[number 86-25]
500 |aDigitized edition from print [produced by Environment and Climate Change Canada].
500 |a"APSD-86-25."
504 |aIncludes bibliographical references (page 10).
5203 |a"This paper describes the development (current and proposed) of a user workstation for the analysis of acid rain data. The query language is map-based, and the analysis package uses a spreadsheet paradigm. Automatic decoding and transcription of data descriptions, a sophisticated special-purpose programmable function library, and simultaneous manipulation of several large databases are all special features of the system"--Abstract.
650 0|aAcid rain|xAnalysis.
650 6|aPluies acides|xAnalyse.
7102 |aNational Water Research Institute (Canada), |eissuing body.
830#0|aNWRI contribution ;|v[number 86-25].|w(CaOODSP)9.844121
85640|qPDF|s991 KB|uhttps://publications.gc.ca/collections/collection_2020/eccc/En13-5-86-25-eng.pdf